| 000 | 02664cas a2200625 i 4500 | ||
|---|---|---|---|
| 999 |
_c200447361 _d65573 |
||
| 001 | 200447361 | ||
| 003 | TR-AnTOB | ||
| 005 | 20220310105601.0 | ||
| 007 | ta | ||
| 008 | 750403c19689999sz gr s i1 a0eng | ||
| 010 | _a72861275 | ||
| 016 | _a016623410 | ||
| 016 | 7 |
_a016623410 _2Uk |
|
| 020 | _a922106655x (1990-91) | ||
| 020 | _a9221075168 (1992-93) | ||
| 020 | _a9221084973 (1994-95) | ||
| 020 | _a9221094081 (1996-97) | ||
| 020 | _a9221098842 (1998-99) | ||
| 020 | _a92211119505 (2002-03) | ||
| 022 |
_a0376-8678 _l0376-8678 _y0074-6681 _20 |
||
| 035 | _a(OCoLC)ocm01784064 | ||
| 035 | _a(TR-AnTOB)200447361 | ||
| 040 |
_aDLC _beng _erda _cDLC _dNSD _dDLC _dNST _dHVL _dSYS _dNLGGC _dOCLCQ _dOCLCO _dOCLCA _dOCLCF _dCOD _dORU _dOCLCA _dGILDS _dOCL _dOCLCO _dUKMGB _dOCLCQ _dL2U _dNLVRD _dTR-AnTOB |
||
| 041 | 0 | _aeng | |
| 050 | 0 | 0 |
_aHD7801 _b.D73 |
| 090 | _aTOBBK HD7801 .D73 | ||
| 245 | 1 | 0 |
_aDraft programme and budget, and other financial questions / _b International Labor Conference. |
| 246 | 1 | _aDraft programme and budget ... and other questions | |
| 264 | 1 |
_aGeneva : _bInternational Labour Office, _c1968- |
|
| 300 |
_avolumes ; _c32 cm |
||
| 310 |
_aBiennial, _b1970/71- |
||
| 321 |
_aAnnual, _b1968-1969 |
||
| 336 |
_atext _btxt _2rdacontent |
||
| 337 |
_aunmediated _bn _2rdamedia |
||
| 338 |
_avolume _bnc _2rdacarrier |
||
| 362 | 1 | _aBegan with 1968. | |
| 500 | _aAt head of title: Report II. International Labour Conference. | ||
| 500 | _a"Second item on the agenda: financial and budgetary questions." | ||
| 515 | _a1968- also called: 51st session (1967)- | ||
| 580 | _aIssued alternately with: International Labour Office. Information concerning the programme and budget for ... and other financial and administrative questions. | ||
| 590 | _aSERBIB/SERLOC merged record | ||
| 610 | 2 | 0 |
_aInternational Labour Organisation _xAppropriations and expenditures _978856 |
| 610 | 2 | 0 |
_aInternational Labour Organisation _978856 |
| 650 | 0 |
_aExpenditures, Public _98623 |
|
| 655 | 7 |
_aPeriodicals. _2fast _0(OCoLC)fst01411641 |
|
| 655 | 7 |
_aPeriodicals. _2lcgft |
|
| 710 | 2 |
_aInternational Labour Office _927101 |
|
| 711 | 2 |
_aInternational Labour Conference _934183 |
|
| 776 | 0 | 8 |
_iOnline version: _aInternational Labour Office. _tDraft programme and budget, and other financial questions _w(OCoLC)557448354 |
| 780 | 0 | 0 |
_aInternational Labour Office. _tDraft budget _w(OCoLC)5997038 |
| 787 | 1 |
_aInternational Labour Office. _tInformation concerning the programme and budget for ... and other financial and administrative questions _w(OCoLC)22140745 |
|
| 942 |
_2z _cCR |
||